Hóa học hữu cơ
Sparad:
| Huvudupphovsman: | |
|---|---|
| Övriga upphovsmän: | |
| Materialtyp: | Bok |
| Språk: | Undetermined |
| Publicerad: |
H.
Giáo dục
1999
|
| Ämnen: | |
| Länkar: | http://lrc.tdmu.edu.vn/opac/search/detail.asp?aID=2&ID=3513 |
| Taggar: |
Lägg till en tagg
Inga taggar, Lägg till första taggen!
|
| Thư viện lưu trữ: | Trung tâm Học liệu Trường Đại học Thủ Dầu Một |
|---|
| LEADER | 00609nam a2200205Ia 4500 | ||
|---|---|---|---|
| 001 | TDMU_3513 | ||
| 008 | 210410s9999 xx 000 0 und d | ||
| 082 | |a 547 | ||
| 090 | |b L46 | ||
| 100 | |a Lê, Ngọc Thạch | ||
| 245 | 0 | |a Hóa học hữu cơ | |
| 245 | 0 | |c Lê Ngọc Thạch, Trần Hữu Anh | |
| 260 | |a H. | ||
| 260 | |b Giáo dục | ||
| 260 | |c 1999 | ||
| 300 | |a 214tr. | ||
| 650 | |a Hóa hữu cơ | ||
| 700 | |a Trần, Hữu Anh | ||
| 856 | |u http://lrc.tdmu.edu.vn/opac/search/detail.asp?aID=2&ID=3513 | ||
| 980 | |a Trung tâm Học liệu Trường Đại học Thủ Dầu Một | ||